00860nam a2200229Ia 4500003000900000008004100009040001600050080002100066100002900087245012700116250001200243260006800255300002300323490003700346650004100383700002700424700003000451700002700481942000700508999001700515952009800532IN-BaIIA211028s9999 xx 000 0 eng d cIIA Library a083.8:52-76bGEZ aGezari, Daniel Y.915296 0aFar infrared supplementbcatalog of observationscDaniel Y. Gezari…[et al.]  a3rd ed. aWashingtonbNational Aeronautics and Space Administrationc1993 a[various pagings.] aNASA reference publication; 1295 aAstronomy and astrophysics thesaurus aMead, Jaylee M.915297 aPitts, Patricia S.918795 aSchmitz, Marion915295 cBK c10996d10996 00104070aBANbBANcGENd1994-03-22l0o083.8:52-76/ GEZp11909r2021-11-05w1994-03-22yBK